Responses for Show #2603 - Wednesday, December 20, 1995

1995-B Seniors Tournament quarterfinal game 3.

Contestants

[<< previous game]

Tish Thomas, an administrative assistant from San Francisco, California

Jerry Platzman, a pharmacist and attorney from Monsey, New York

Graham Beard, a retired Army doctor from Washington, D.C.

[next game >>]

Jeopardy! Round responses

HISTORIC NICKNAMES
COLD SPORTS
GEMS & JEWELRY
MUSICAL INSTRUMENTS
COLLEGES & UNIVERSITIES
"B.A."s
    $100 4
Leif Erikson

Tish
    $100 2
hockey

Jerry
    $100 21
an emerald

Jerry
    $100 16
cymbals

Tish
    $100 1
Harvard

Jerry
    $100 22
Big Apple

Jerry
    $200 8
Senator McCarthy

Tish
    $200 3
skis

Jerry
    $200 27
sapphire

Graham
    $200 17
the trombone

Tish
    $200 12
South Carolina

Jerry
    $200 23
Bea Arthur

Graham
    $300 9
Rommel

Tish
    $300 5
Katarina Witt

Jerry
    $300 28
(Jerry: What are pearls?)

beads

JerryTish
    $300 18
the reed

Graham
    $300 13
William & Mary

Graham
    $300 24
Buenos Aires

Graham
    $400 10
(Tish: [Not quite completing it while speaking without ringing in] Who is [*]?)
...
(Alex: Be careful, Tish, you may be helping an opponent.)

Frederick the Great

Graham
    $400 6
bobsled

Jerry
    $400 29
amber

Jerry
    $400 19
bells

Graham
    $600 14
(Graham: [*]. What is [*]?)

Lincoln Center

Graham
    $400 25
a bowling alley

Jerry
    $500 11
(Jerry: Who is Andrew Jackson?)

Zachary Taylor

GrahamJerry
    $500 7
curling

Jerry
    $500 30
mother-of-pearl

Jerry
    $500 20
a concertina

Graham
    $500 15
Trinity

Graham
    $500 26
Bella Abzug

Graham

Scores at the first commercial break (after clue 14):

Graham Jerry Tish
$1,800 $1,300 $600

Scores at the end of the Jeopardy! Round:

Graham Jerry Tish
$4,700 $2,500 $1,200

Double Jeopardy! Round responses

WORLD CITIES
IN THE KITCHEN
FAMOUS COUPLES
ANATOMY
EMPERORS & EMPRESSES
LITERARY ALLUSIONS
    $200 2
(Alex: [Reads the clue] ...from this capital to [*] to Kyoto... Well, that's pretty good, Alex, you gave away both names.)
[Laughter]
(Alex: That's $200 for Alex.)

Tokyo

Triple Stumper
    $200 7
crust

Tish
    $200 1
David Eisenhower

Jerry
    $200 18
the epidermis

Jerry
    $200 10
Charlemagne

Graham
    $200 19
(Graham: What is watching over your shoulder?)

watching you

GrahamTish
    $400 3
Poland

Jerry
    $400 8
flame them (flambé)

Graham
    $400 13
Connie Chung

Jerry
    $400 27
the thyroid

Jerry
    $400 14
Nero

Jerry
    $400 20
Jekyll & Hyde

Graham
    $600 4
Liverpool

Jerry
    $600 9
a grinder

Jerry
    $600 24
Greer Garson

Tish
    $600 28
the cerebellum

Jerry
    $1,000 15
Maximilian

Jerry
    $600 21
Tennyson

Tish
    $800 5
St. Petersburg

Tish
    $800 11
(Graham: What is Rives paper?)
(Tish: What is brown paper?)

parchment

GrahamTish
Triple Stumper
    $800 25
Merle Oberon

Graham
    $800 29
the cochlea

Jerry
    $800 16
Haile Selassie

Graham
    $800 22
Vanity Fair

Tish
    $1000 6
(Tish: What is Calais?)

Prague

Tish
Triple Stumper
    $1000 12
(Tish: What is a Bundt pan?)

a springform pan

Tish
Triple Stumper
    $1000 26
(Alex: We have a minute to go.)

Michael Wilding

Tish
    $1,000 30
the carotid arteries

Jerry
    $1000 17
Santa Sophia

Graham
    $1000 23
(Jerry: What is Nicholas Nickleby?)

Oliver Twist

JerryTish

Scores at the end of the Double Jeopardy! Round:

Graham Jerry Tish
$7,300 $8,100 $3,600

Final Jeopardy! Round responses

NATIONAL PARKS
TishWhat is Acadia?
$3,000
GrahamWhat is Zion [?]
$2,500
JerryWhat is Zion Nat'l Park?
$6,500
Zion National Park

Final scores:

Graham Jerry Tish
$9,800 $14,600 $600
2nd place: $1,000 if eliminated Automatic semifinalist 3rd place: $1,000 if eliminated

Game dynamics:

Coryat scores:

Graham Jerry Tish
$7,100 $7,700 $3,600
18 R
(including 1 DD),
2 W
24 R
(including 2 DDs),
3 W
14 R,
3 W

Combined Coryat: $18,400

[game clues] [game scores] [suggest correction]

Game tape date: Unknown
The J! Archive is created by fans, for fans. Scraping, republication, monetization, and malicious use prohibited; this site may use cookies and collect identifying information. See terms. The Jeopardy! game show and all elements thereof, including but not limited to copyright and trademark thereto, are the property of Jeopardy Productions, Inc. and are protected under law. This website is not affiliated with, sponsored by, or operated by Jeopardy Productions, Inc. Join the discussion at JBoard.tv.